Income Tax Ready Reckoner Ass Year 2003-2004 (Record no. 305315)

MARC details
000 -LEADER
fixed length control field 00387nam a2200157Ia 4500
008 - FIXED-LENGTH DATA ELEMENTS--GENERAL INFORMATION
fixed length control field 230718s9999 xx 000 0 und d
041 ## - LANGUAGE CODE
Language code of text/sound track or separate title eng
082 ## - DEWEY DECIMAL CLASSIFICATION NUMBER
Item number MEH
100 ## - MAIN ENTRY--PERSONAL NAME
Personal name Mehta N.V.
245 ## - TITLE STATEMENT
Title Income Tax Ready Reckoner Ass Year 2003-2004
260 ## - PUBLICATION, DISTRIBUTION, ETC. (IMPRINT)
Date of publication, distribution, etc. 2003
Name of publisher, distributor, etc. Shrikuber
300 ## - PHYSICAL DESCRIPTION
Extent 352
365 ## - TRADE PRICE
Currency code Rs.
Price amount 360.00
700 ## - ADDED ENTRY--PERSONAL NAME
Personal name Mehta N.V.
906 ## - LOCAL DATA ELEMENT F, LDF (RLIN)
d B:50323-May-2003
c OTH
b 72
Holdings
Withdrawn status Lost status Damaged status Not for loan Home library Current library Date acquired Vendor Budget Code Cost, normal purchase price Bill number Total Checkouts Barcode Date last seen Discount Cost, replacement price Bill Date Koha item type Original Barcode
        Cummins College of Engineering for Women Pune Cummins College of Engineering for Women Pune 26/05/2003 Technical Book Services OTH 288.00 503   CCEP-BK-16522 18/07/2023 72 360.00 23/05/2003 Books 016522